000 00263nam a2200109Ia 4500
008 220204s9999 xx 000 0 und d
082 _a82-3
_bCHA
100 _aChase, James Hadley
245 4 _aThe Wary transgressor
260 _aLondon
_bCorgi
_c1978
942 _cBK
999 _c33215
_d33215